Bienvenido a nuestro catálago, Biblioteca Universidad Monteávila

Teresa de la Parra : (Registro nro. 13348)

Detalles MARC
000 -CABECERA
campo de control de longitud fija 00838nam a2200265 i 4500
003 - IDENTIFICADOR DEL NÚMERO DE CONTROL
campo de control vecauma
005 - FECHA Y HORA DE LA ÚLTIMA TRANSACCIÓN
campo de control 20260410185353.0
007 - CAMPO FIJO DE DESCRIPCIÓN FÍSICA--INFORMACIÓN GENERAL
campo de control de longitud fija ta
008 - DATOS DE LONGITUD FIJA--INFORMACIÓN GENERAL
campo de control de longitud fija 260410s1982 ve |||||r|||| 00| 0 spa d
040 ## - FUENTE DE LA CATALOGACIÓN
Centro catalogador/agencia de origen vecauma
Lengua de catalogación spa
Centro/agencia transcriptor vecauma
Centro/agencia modificador vecauma
Normas de descripción rda
041 0# - CÓDIGO DE LENGUA
Código de lengua del recurso spa
099 ## - Cota
Sufijo de archivo FOLLETO 0403
100 1# - AUTOR PERSONAL
Nombre de persona De-Sola Ricardo, Irma,
Fechas asociadas al nombre 1916-1991
Término indicativo de función/relación autor
9 (RLIN) 13985
245 10 - MENCIÓN DE TÍTULO
Título Teresa de la Parra :
Resto del título semblanza de una escritora
Mención de responsabilidad, etc. / Irma De-Sola Ricardo.
264 #1 - PRODUCCIÓN, PUBLICACIÓN, DISTRIBUCIÓN, FABRICACIÓN Y COPYRIGHT
Producción, publicación, distribución, fabricación y copyright Caracas, Venezuela :
Nombre del de productor, editor, distribuidor, fabricante [Editorial Arte],
Fecha de producción, publicación, distribución, fabricación o copyright 1982.
300 ## - DESCRIPCIÓN FÍSICA
Extensión 36 páginas.
336 ## - TIPO DE CONTENIDO
Término de tipo de contenido texto
Código de tipo de contenido txt
Fuente rdacontenido
337 ## - TIPO DE MEDIO
Nombre/término del tipo de medio no mediado
Código del tipo de medio n
Fuente rdamedio
338 ## - TIPO DE SOPORTE
Nombre/término del tipo de soporte volumen
Código del tipo de soporte nc
Fuente rdasoporte
600 10 - PUNTO DE ACCESO ADICIONAL DE MATERIA--NOMBRE DE PERSONA
9 (RLIN) 2096
Nombre de persona Parra, Teresa de la,
Fechas asociadas al nombre 1889-1936
651 #0 - PUNTO DE ACCESO ADICIONAL DE MATERIA--NOMBRE GEOGRÁFICO
9 (RLIN) 8986
Nombre geográfico VENEZUELA
Subdivisión general BIOGRAFIAS
655 #0 - TÉRMINO DE INDIZACIÓN--GÉNERO/FORMA
9 (RLIN) 12450
Datos o término principal de género/forma BIOGRAFIAS
942 #1 - ELEMENTOS DE ENTRADA AGREGADA (KOHA)
Fuente del sistema de clasificación o colocación Library of Congress Classification
Ocultar en OPAC No
Tipo de ítem Koha Folletos
Existencias
Estado de retiro Estado de pérdida Fuente del sistema de clasificación o colocación Estado dañado No para préstamo Código de colección Localización permanente Ubicación/localización actual Ubicación en estantería Fecha de adquisición Número de inventario Total de préstamos Cota Código de barras Fecha visto por última vez Precio válido a partir de Tipo de ítem Koha
    Library of Congress Classification     Folletos Biblioteca Universidad Monteávila Biblioteca Universidad Monteávila Archivo rodante 10/04/2026 17778   FOLLETO 0403 2026-0486 10/04/2026 10/04/2026 Folletos

Copyright @ UMA Library
Universidad Monteávila Caracas, Venezuela

Edif. Sede principal Universidad Monteávila. Av. El Buen Pastor. Boleíta Norte. Caracas. 
Customized by Universidad Monteávila

Con tecnología Koha